| 000 | 00799nam a2200181 i 4500 | ||
|---|---|---|---|
| 001 | 49259 | ||
| 003 | ES-MaACL | ||
| 005 | 20251105063129.0 | ||
| 007 | t| | ||
| 008 | 030711s1880 sp ||||1| spa d | ||
| 100 | 1 |
_aCortejón, Clemente, _d1842-1911 _940840 |
|
| 245 | 1 | 3 |
_aLa Iglesia católica es la protectora y mejor amiga de la agricultura _b: sermón que, en la solemne función dedicada a San Isidro Labrador por el Instituto Agrícola Catalán, el día 15 de mayo de 1880, en la Iglesia de Santa Ana de Barcelona / _cpronunció D. Clemente Cortejón, pbro. |
| 260 |
_aBarcelona : _b[s.n.], _c1880 ( _fImpr. de Jaime Jepús) |
||
| 300 |
_a16 p. ; _c25 cm. |
||
| 710 | 2 |
_aInstitut Agrícola Català de Sant Isidre. _9176166 |
|
| 852 |
_aES-MaACL _jT-666-F-14 |
||
| 999 |
_c49259 _d49259 |
||